000 01121nam a2200229 a 4500
008 060316s1999 ||||||||||||||||| || u
020 _a0750637935
050 _aNA 105 Jok
100 _aJokilehto, Jukka
245 1 2 _aA history of architectural conservation /
260 _aOxford, Eng. :
_bButterworth-Heinemann
_c1999.
300 _axiv, 354 pages, [16] pages of colored plates : illustrations (some colored)
350 _a0.00
490 _aButterworth-Heinemann series in conservation and museology
500 _aIncludes bibliographical references (p. 319-340) and index.
650 _aCULTURAL PROPERTY--PROTECTION
650 _aTEXTBOOKS
856 _uhttp://www.loc.gov/catdir/description/els033/99203427.html
856 _uhttp://www.loc.gov/catdir/toc/els033/99203427.html
995 _aMAIN LIBRARY OPEN ACCESS
_e742846
_FCBU-MAIN LIBRARY (Kitwe)
_I0.00
_jNA 105 Jok
_M2
_UAVAILABLE
_WJun 20, 2012
_y742846
_ZMain Library Open Access Collection
995 _aMAIN LIBRARY OPEN ACCESS
_D0.00
_e730802
_FCBU-MAIN LIBRARY (Kitwe)
_H1
_I28.00
_jNA 105 Jok
_M1
_UAVAILABLE
_y028041
_ZMain Library Open Access Collection
999 _c76300
_d76300